Essential aromatherapy
| Main Author: | |
|---|---|
| Format: | Book |
| Published: |
Leicestershire :
Acropolis Boosks ,
1994
|
| Subjects: |
MARC
| LEADER | 00000cam a2200000 7i4500 | ||
|---|---|---|---|
| 001 | 0000006407 | ||
| 002 | 000006916 | ||
| 005 | 20000330.0 | ||
| 020 | |a 1873762267 | ||
| 090 | 0 | 0 | |a 581.192 |b MCG |
| 100 | 0 | |a McGilvery, Carole | |
| 245 | 1 | 0 | |a Essential aromatherapy |c Carole McGilvery and Jimi Reed ; photographyby Sue Atkinson |
| 260 | |a Leicestershire : |b Acropolis Boosks , |c 1994 | ||
| 300 | |a 97p. ; |c 30cm. | ||
| 650 | 0 | 0 | |a Aromatherapy |
| 999 | |a 038009 |b BUKU |c PINJAMAN |e PERPUSTAKAAN KOMUNITI PETALING JAYA | ||